000 00772nam a22002177a 4500
005 20250107144220.0
010 _aENG-143209
020 _a9789388398312
_c1000.00
035 _aEN-126741
037 _bDBAD
082 _a333.7940954
100 _aP. Muthukumar
_976012
245 _aEnergy and Environment:
_bProblems and Prospects/
_cEdited by Lekshmi Devi U R;Ganga R Menon [and] Anishkumar PT
260 _aMadurai
_bShanlax Publications
_c2022
270 _a61, T.P.K., Main Road, Vasantha Nagar
_bMadurai
_e625003
_mshanlax_1990@yahoo.com
300 _a130p.
_c24cm(pb)
700 _aLekshmi Devi U R
_eEditor
_976013
700 _aGanga R Menon
_eEditor
_976014
700 _aAnishkumar PT
_eEditor
_976015
942 _2ddc
_cEN
_h333.7940954
_mENE
999 _c208152
_d208152